| 000 | 02086naa a22004697a 4500 | ||
|---|---|---|---|
| 001 | BR8500943 | ||
| 003 | BR-BrBNA | ||
| 005 | 20240918175524.0 | ||
| 007 | ta | ||
| 008 | 230509b bl.||||| |||| 00| 0 por d | ||
| 040 |
_aBR-BrBNA _bpor _cBiblioteca Nacional de Agricultura |
||
| 041 | _a(Pt) | ||
| 072 |
_aF60 _b1190 _b3801 _b3866 _bG514 |
||
| 090 | _aF60 BR8500943 | ||
| 100 | 1 | _aSilva, A.Q. da | |
| 100 | 1 | _aSilva, H. | |
| 100 | 1 | _aNobrega, J.P. da | |
| 100 | 1 | _aMalavolta, E. | |
| 111 | 1 |
_a7. Congresso Brasileiro de Fruticultura _cFlorianopolis, SC (Brazil) _d26-30 Sep 1983 |
|
| 245 | 1 | _aConteudo de nutrientes por ocasiao da colheita em diversas frutas da regiao Nordeste [Spondias lutea, caja, Averrhoa carambola, carambola, Genipa americana, genipapo, Annona muricata, graviola, Myrciaria cauliflora, jaboticaba, Jambosa bulgaris, jambo, Hancornia speciosa, mangaba, macroelemento, microelemento, Brasil] | |
| 246 | 1 | _aNutrient content at the moment of Harvest in various fruits native to the Northeast [Spondias lutea, Hog plum, Averrhoa carambola, carambola, Genipa americana, genipap, Annona muricata, soursop, Hyrciaria cauliflora, jaboticaba, Jambosa bulgaris, jambo, Hancornia speciosa, mangabeira, macroelement, microelement, Brazil] | |
| 246 | 1 | _a[Proceedings of the 7. Brazilian Congress on Fruit Crops] | |
| 260 | 3 |
_aFlorianopolis, SC (Brasil): _c1984. |
|
| 500 | _aAnais do 7. Congresso Brasileiro de Fruticultura Florianopolis, SC (Brasil): 1984. v. 1 p. 326-340 (BR8500943-AM)F60 | ||
| 650 | _aCAJA | ||
| 650 | _aCARAMBOLA | ||
| 650 | _aJENIPAPO | ||
| 650 | _aGRAVIOLA | ||
| 650 | _aJABUTICABA | ||
| 650 | _aJAMBO | ||
| 650 | _aMANGABA | ||
| 650 | _aFRUTA TROPICAL | ||
| 650 | _aNUTRIENTE | ||
| 650 | _aMINERAL | ||
| 650 | _aMACROELEMENTO | ||
| 650 | _aMICROELEMENTO | ||
| 650 | _aANALISE QUIMICA | ||
| 650 | _aREGIAO NORDESTE | ||
| 773 | 0 |
_tAnais do 7. Congresso Brasileiro de Fruticultura _wF60 BR8500943 _gFlorianopolis, SC (Brasil), 1984. v. 1 p. 326-340 |
|
| 909 |
_a202404 _bLucia _c55 _dLucia Elande |
||
| 942 |
_cAM _2AGRIS |
||
| 999 |
_c317110 _d317110 |
||